Nad prvními výsledky reformy.

Zhodnotenie trendov a prvých výsledkov ekonomickej reformy. Koncepcia reformy a odporúčania Medzinárodného menového fondu a Svetovej banky. Negatívne dôsledky devalvácie, vnútornej zmeniteľnosti meny a voľných cien, čo sú opatrenia, slúžiace najmä zahraničiu. Nebezpečenstvo vysokého nárastu zahranič...

Ausführliche Beschreibung

Gespeichert in:
Bibliographische Detailangaben
1. Verfasser: Seják, Josef
Format: Buchkapitel
Sprache:Tschechisch
Schlagworte:
Tags: Tag hinzufügen
Keine Tags, Fügen Sie das erste Tag hinzu!

MARC

LEADER 00000naa a2200000 4500
001 r003487
005 20221125081210.3
041 0 |a cze 
044 |a [CS] 
245 1 0 |a Nad prvními výsledky reformy.  |c J. Seják 
520 |a Zhodnotenie trendov a prvých výsledkov ekonomickej reformy. Koncepcia reformy a odporúčania Medzinárodného menového fondu a Svetovej banky. Negatívne dôsledky devalvácie, vnútornej zmeniteľnosti meny a voľných cien, čo sú opatrenia, slúžiace najmä zahraničiu. Nebezpečenstvo vysokého nárastu zahraničnej zadlženosti. 
610 2 0 |a reformy hospodárske 
610 2 0 |a ČSFR 
610 2 0 |a Medzinárodný menový fond 
610 2 0 |a IBRD 
610 2 0 |a zadlženosť zahraničná 
610 2 0 |a devalvácia 
610 2 0 |a konvertibilita 
610 2 0 |a ceny voľné 
100 1 |a Seják, Josef